Library Banner

Double-Edged sword : The promises and risks of the genetic r (Record no. 11412)

MARC details
000 -LEADER
fixed length control field 00454nam a2200181Ia 4500
001 - CONTROL NUMBER
control field 10415
008 - FIXED-LENGTH DATA ELEMENTS--GENERAL INFORMATION
fixed length control field 140328s9999 xx 000 0 und d
020 ## - INTERNATIONAL STANDARD BOOK NUMBER
International Standard Book Number 0-201-40838-4
040 ## - CATALOGING SOURCE
Transcribing agency PK-LaUMT
082 ## - DEWEY DECIMAL CLASSIFICATION NUMBER
Classification number 616.042
Item number DRL-D
100 ## - MAIN ENTRY--PERSONAL NAME
Personal name Drlica, Karl A.
245 ## - TITLE STATEMENT
Title Double-Edged sword : The promises and risks of the genetic r
Statement of responsibility, etc Drlica, Karl A.<>Genetic
260 ## - PUBLICATION, DISTRIBUTION, ETC. (IMPRINT)
Date of publication, distribution, etc 1994
300 ## - PHYSICAL DESCRIPTION
Extent 242 p.
546 ## - LANGUAGE NOTE
Language note EN
650 ## - SUBJECT ADDED ENTRY--TOPICAL TERM
Topical term or geographic name as entry element Genetic
942 ## - ADDED ENTRY ELEMENTS (KOHA)
Koha item type Books
Holdings
Withdrawn status Lost status Source of classification or shelving scheme Damaged status Not for loan Home library Current library Date acquired Total Checkouts Full call number Barcode Date last seen Price effective from Koha item type
    Dewey Decimal Classification     UMT Main Campus UMT Main Campus 2014-03-28   616.042 DRL-D 10910 2014-03-28 2014-03-28 Books
    Dewey Decimal Classification     UMT Main Campus UMT Main Campus 2014-06-04   616.042 DRL-D 14406 2014-06-04 2014-06-04 Books